Troubleshooting your web page / (Record no. 62560)

MARC details
000 -LEADER
fixed length control field 00552nam a22001577a 4500
005 - DATE AND TIME OF LATEST TRANSACTION
control field 20120211131129.0
020 ## - INTERNATIONAL STANDARD BOOK NUMBER
International Standard Book Number 8120318579
Terms of availability 295.00
035 ## - SYSTEM CONTROL NUMBER
System control number B-62690
037 ## - SOURCE OF ACQUISITION
Stock number DPL
Source of stock number/acquisition ENG
100 ## - MAIN ENTRY--PERSONAL NAME
Personal name Callahan, Evan
245 ## - TITLE STATEMENT
Title Troubleshooting your web page /
Statement of responsibility, etc by Evan Callahan
260 ## - PUBLICATION, DISTRIBUTION, ETC. (IMPRINT)
Place of publication, distribution, etc New Delhi
Name of publisher, distributor, etc Prentice-Hall of India
Date of publication, distribution, etc 2001
300 ## - PHYSICAL DESCRIPTION
Extent xx, 379p.
Dimensions 22 cms.
942 ## - ADDED ENTRY ELEMENTS (KOHA)
Source of classification or shelving scheme Dewey Decimal Classification
Item type English Books
Classification part 005.754
Call number suffix CAL
Holdings
Withdrawn status Lost status Not for loan Collection code Home library Current library Date acquired Cost, normal purchase price Full call number Barcode Cost, replacement price Koha item type
      Non-fiction Sarojini Nagar Sarojini Nagar 11/02/2012 295.00 005.754 CAL B-62690 295.00 English Books

© Delhi Public Library
Hit Counter
free hit counter